Mahrem : (Record no. 12762)

MARC details
000 -BAŞLIK
Sabit Uzunlukta Kontrol Alanı 00861nam a22002657a 4500
999 ## - SİSTEM KONTROL NUMARALARI (KOHA)
Koha Biblionumber 12762
Koha Biblioitemnumber 12762
003 - KONTROL NUMARASI IDENTIFIER
Denetim Alanı MIRAKIL
005 - SON İŞLEM TARİHİ VE ZAMANI
Denetim Alanı 20211214000607.0
008 - SABİT-BOY VERİ ELEMANLARI - GENEL BİLGİLER
Sabit Uzunlukta Kontrol Alanı 190219b tu ||||| |||| 00| 0 tur d
020 ## - ULUSLARARASI STANDART KİTAP NUMARASI
Uluslararası Standart Kitap Numarası 9786059908740
040 ## - KATALOGLAMA KAYNAK
Orijinal Kataloglama Ajansı TR-AnCHP
Metne Dönüştürmek Ajansı TR-AnCHP
041 ## - DİL KODU
Metin / Ses Parça Veya Ayrı Başlığın Dil Kodu tur
082 ## - DEWEY ONLU SINIFLANDIRMA NUMARASI
Sınıflandırma Numarası 320.9561
Ürün Numarası T36m 2015
100 ## - ANA GİRİŞ - KİŞİSEL İSİM
Kişisel Ad Terkoğlu, Barış
245 10 - BAŞLIK TABLOSU
Başlık Mahrem :
Başlığın Kalan Gizli belgelerle Türkiye'nin sırları/
Sorumluluk Tablosu, Vb Barış Terkoğlu, Barış Pehlivan
246 ## - UNVAN FORM VARYING
Başlık Doğru / Kısa Başlığı Gizli belgelerle Türkiye'nin sırları/
250 ## - EDITION TABLOSU
Baskı Beyanı 2. bs.
260 ## - YAYIN, DAĞITIM, VB
Yayın, Dağıtım, Vb Yeri İstanbul :
Yayıncı, Dağıtıcı, Vs Adı Kırmızı Kedi Yayınevi,
Yayın, Dağıtım, Vb Tarihi 2015.
300 ## - FİZİKSEL TANIM
Kapsam 459 s.:
Boyutlar 23 sm.
490 0# - SERİSİ TABLOSU
Seri Beyanı Kırmızı Kedi Yayınevi ;
-- İnceleme;
Hacim / Ardışık Tanımı 449.
-- 44.
504 ## - KAYNAKÇA VB NOT
Kaynakça Vb Notu Dizin vardır.
650 #0 - KONU KATMA GİRİŞ - TOPİKAL DÖNEM
Topikal Süreli Veya Coğrafi Ad Giriş Elemanı Siyaset ve yönetim
Genel Alt Bölümü Türkiye
9 (RLIN) 9
700 ## - KATMA GİRİŞ - KİŞİSEL İSİM
9 (RLIN) 5214
Kişisel Ad Pehlivan, Barış
740 ## - KATMA GİRİŞ - KONTROLSUZ İLGİLİ / ANALİTİK BAŞLIK
Kontrol Edilmeyen / İlgili Analitik Başlıktaki Gizli belgelerle Türkiye'nin sırları/
942 ## - EKLENDİ GİRİŞ ELEMANLARI (KOHA)
Sınıflandırma Veya Raf Düzeni Kaynak Dewey Decimal Classification
Koha Öğesi Türü Books
Holdings
Kalıcı Konum Mevcut Konum Edinme Tarihi Edinim Kaynak Toplam Check-Out'Lar Tam Çağrı Numarası Barkod Tarih Son Görülme Tarihi Geçen Teslim İtibaren Geçerli Fiyatlar Sigara Kamu Notu Koha Öğesi Türü
CHP Kütüphanesi CHP Kütüphanesi 02/19/2019 Bağış 1 320.9561 T36m 2015 018876 04/07/2023 02/16/2023 02/19/2019 Kemal Kılıçdaroğlu bağışıdır. Books